000 00792naa a2200169 i 4500
001 9028
003 KOSZ 005
005 20180315115220.0
008 150518s2003 pl | | |000 ||pol
040 _cBPK
_dKOSZ 005/EG
080 _a338.43
100 1 _aBŁAŻEJOWSKA, Małgorzata.
_d1996 - .
_bPolitechnika Koszalińska - Wydział Ekonomii i Zarządzania,
_cZakład Prawa
245 1 0 _aGospodarstwa rolne województwa zachodniopomorskiego w obliczu integracji europejskiej /
_cMałgorzata Błażejowska.
650 0 _aRolnictwo.
773 0 _iW :
_tFunkcje obszarów wiejskich w dobie transformacji gospodarki Polski / red. nauk. Ewa Pałka ; Instytut Geografii Akademii Świętokrzyskiej im. Jana Kochanowskiego w Kielcach. -
_dKielce : IG AŚ, 2003. -
_gs. 69-71
942 _cROZ
_2UKD
999 _c9028
_d9028